000 00935nam a2200289 4500
003 EG-GICUC
005 20260209154016.0
008 260209s2004 fr ||||fr|||| 00| 0 fre d
040 _aEG-GiCUC
_bfre
_cEG-GiCUC
_dEG-GiCUC
_eRda
041 _afre
_hfre
082 0 4 _221
_a341.8
_bCA . A
092 0 4 _221
099 _aLaw 12 341.8 CA . A 2004
100 1 _aCallé, Pierre
_eAuteur
245 0 1 _aL’acte public en droit international privé /
_cPar Pierre Callé.
264 1 _aParis;
_bRecherches Juridiques,
_c2004.
300 _a411 page :
_billustration ;
_c 24 cm.
336 _2rda contenu
_a texte
337 _2rda medias
_aOrdinateur
338 _2 transporteur rda
_a Ressource en ligne
546 _aTexte en français
650 1 _2qrmak
_aFinances publiques et législation fiscale
651 1 _2qrmak
856 4 0 _uhttps://fll.law.cu.edu.eg/fulltext/bks/B12-02584.pdf
905 _a31
942 _2ddc
_n0
_cBK
_e21
999 _c61902
_d61902